| 000 | 00879nam a2200265 i 4500 | ||
|---|---|---|---|
| 001 | 8640 | ||
| 003 | KOSZ 005 | ||
| 005 | 20190924141958.0 | ||
| 008 | 070721s1970 pl a f 001 0 pol | ||
| 015 | _aPB 1970/5446 | ||
| 040 |
_aWA N _cKOSZ 005/RW _dKOSZ 005/RW |
||
| 041 | 1 |
_apol _heng |
|
| 080 | _a54 | ||
| 100 | 1 |
_aSnyder, Milton K. _eAutor |
|
| 245 | 1 | 0 |
_aChemia : _bstruktura i reakcje / _cMilton K. Snyder ; [tł. z ang. Wanda Czarnecka et al.]. |
| 246 | 1 |
_iTyt. oryg.: _aChemistry |
|
| 260 |
_aWarszawa : _bWydawnictwa Naukowo-Techniczne, _c1970. |
||
| 300 |
_a796 s. : _bil., err. ; _c25 cm. |
||
| 380 | _aKsiążki. | ||
| 504 | _aIndeks. | ||
| 650 | 4 | _aChemia | |
| 710 | 2 |
_aWydawnictwa Naukowo-Techniczne _4pbl. |
|
| 856 |
_uhttp://koha.tu.koszalin.pl/cgi-bin/koha/opac-detail.pl?biblionumber=8640 _yKatalog online BPK |
||
| 942 |
_2UKD _cKS |
||
| 999 |
_c8640 _d8640 |
||